Annuaire de législation étrangère / (Record no. 198)

MARC details
000 -LEADER
campo de control de longitud fija 00801nas a2200241 i 4500
001 - NÚMERO DE CONTROL
campo de control 198
003 - IDENTIFICADOR DE NÚMERO DE CONTROL
campo de control ES-MaACL
005 - FECHA Y HORA DE LA ÚLTIMA TRANSACCIÓN
campo de control 20250809062524.0
007 - CAMPO FIJO DE DESCRIPCIÓN FÍSICA--INFORMACIÓN GENERAL
campo de control de longitud fija t|
008 - DATOS DE LONGITUD FIJA--INFORMACIÓN GENERAL
campo de control de longitud fija 950801d18721956fr | | 1 ||re d
022 ## - NÚMERO INTERNACIONAL NORMALIZADO PARA PUBLICACIONES SERIADAS
Número Internacional Normalizado para Publicaciones Seriadas 1245-5350
080 ## - NÚMERO DE LA CLASIFICACIÓN DECIMAL UNIVERSAL
Número de la Clasificación Decimal Universal 44
245 00 - MENCIÓN DEL TÍTULO
Título Annuaire de législation étrangère /
Mención de responsabilidad, etc. Société de Législation Comparée.
260 ## - PUBLICACIÓN, DISTRIBUCIÓN, ETC.
Lugar de publicación, distribución, etc. Paris :
Nombre del editor, distribuidor, etc. Cotillon et Fils,
Fecha de publicación, distribución, etc. 1872-1956 (
Lugar de fabricación/manufactura Laval :
Fabricante Barneond)
300 ## - DESCRIPCIÓN FÍSICA
Extensión 53 v. ;
Dimensiones 25 cm.
362 1# - FECHAS DE PUBLICACIÓN Y/O DESIGNACIÓN SECUENCIAL
Fecha de publicación y/o designación secuencial 1re ann.(1870/1871) - 30e ann.(1900) ; 2e s., 1re ann.(1901) - 3e s.,33e ann.(1937) = 31e ann.-63e ann. ; N.s.,t.1(1938/1949) - t.4(1955)
650 17 - PUNTO DE ACCESO ADICIONAL DE MATERIA--TÉRMINO DE MATERIA
Término de materia o nombre geográfico como elemento de entrada Derecho
Fuente del encabezamiento o término embne
9 (RLIN) 11602
710 2# - ENTRADA AGREGADA--NOMBRE DE ENTIDAD CORPORATIVA
Nombre de entidad corporativa o nombre de jurisdicción como elemento de entrada Société de Législation Comparée.
9 (RLIN) 6844
852 ## - LOCALIZACIÓN
Ubicación ES-MaACL
Número de control de estantería HEM-1044
866 #0 - MENCIÓN TEXTUAL DE FONDOS--UNIDAD BIBLIOGRÁFICA BÁSICA
Fondos 1871-1933.
942 ## - ELEMENTOS DE ENTRADA SECUNDARIOS (KOHA)
Fuente del sistema de clasificación o colocación Clasificación decimal universal
Holdings
Estatus retirado Estado de pérdida Fuente del sistema de clasificación o colocación Estado de daño No para préstamo Colección Biblioteca de origen Biblioteca actual Ubicación en estantería Fecha de adquisición Total de préstamos Signatura topográfica completa Código de barras Visto por última vez Precio de reemplazo Tipo de ítem Koha
    Clasificación decimal universal     Periódicos y Revistas Biblioteca del Ateneo de Madrid Biblioteca del Ateneo de Madrid Depósito 1 17/01/2008   HEM-1044 1000199 23/02/2023 23/02/2023 Revista